Cormacarena (Registro nro. 860)

Detalles MARC
000 -CABECERA
Campo de control 01281nam a2200349 a 4500
005 - FECHA Y HORA DE LA ULTIMA TRANSACCION
Campo de control 20200104041515.0
008 - ELEMENTOS DE LONGITUD FIJA—INFORMACION GENERAL
Campo de control 140224b1997 ck ||||| |||| 00| 0 spa d
040 ## - FUENTE DE CATALOGACIÓN
Agencia catalogadora original CO-BoIAVH
Agencia transcriptora CO-BoIAVH
041 ## - IDIOMA
Código de idioma para texto/pista de sonido o título separado Español
044 ## - PAÍS DE PUBLICACIÓN
País de publicación Colombia
090 ## - CLASIFICACIÓN LOCAL
Colección LB
Consecutivo 00848
110 ## - ASIENTO PRINCIPAL--NOMBRE CORPORATIVO
Unidad subordinad Corporación para el Desarrollo Sostenible del Area de Manejo Especial la Macarena
245 ## - MENCION DE TITULO
Título Cormacarena
Parte restante del título reunión consejo directivo
260 ## - PUBLICACION, DISTRIBUCION, ETC. (PIE DE IMPRENTA)
Lugar de publicación, distribución, etc. Villavicencio
Nombre del editor, distribuidor, etc. CORMACARENA
Fecha de publicación, distribución, etc. 1997
300 ## - DESCRIPCION FISICA
Extensión 6 vol.
505 ## - NOTA DE CONTENIDO
Nota de contenido Vol. 1: Informe de gestión y acción 1996
505 ## - NOTA DE CONTENIDO
Nota de contenido Vol. 2: Informe de actividades 1997
505 ## - NOTA DE CONTENIDO
Nota de contenido Vol. 3: Informe de gestión 1998
505 ## - NOTA DE CONTENIDO
Nota de contenido Vol. 4: Informe final de actividades 1999
505 ## - NOTA DE CONTENIDO
Nota de contenido Vol. 5: Plan de gestión ambiental 1999-2003
505 ## - NOTA DE CONTENIDO
Nota de contenido Vol. 6: Plan de acción 1998-2000
505 ## - NOTA DE CONTENIDO
Nota de contenido Vol. 7: Informe de actividades 1995-1997
505 ## - NOTA DE CONTENIDO
Nota de contenido Vol. 5: Plan de gestión ambiental 1999-2003
505 ## - NOTA DE CONTENIDO
Nota de contenido Vol. 6: Plan de acción 1998-2000
505 ## - NOTA DE CONTENIDO
Nota de contenido Vol. 7: Informe de actividades 1995-1997
650 ## - ASIENTO SECUNDARIO DE MATERIA - TERMINO TEMATICO
Término temático o nombre geográfico como elemento de entrada Desarrollo sostenible
650 ## - ASIENTO SECUNDARIO DE MATERIA - TERMINO TEMATICO
Término temático o nombre geográfico como elemento de entrada Corporación Autónoma Regional
650 ## - ASIENTO SECUNDARIO DE MATERIA - TERMINO TEMATICO
Término temático o nombre geográfico como elemento de entrada Monitoreo biológico
650 ## - ASIENTO SECUNDARIO DE MATERIA - TERMINO TEMATICO
Término temático o nombre geográfico como elemento de entrada Educación ambiental
650 ## - ASIENTO SECUNDARIO DE MATERIA - TERMINO TEMATICO
Término temático o nombre geográfico como elemento de entrada Planes de manejo ambiental
942 ## - ELEMENTOS ADICIONALES (KOHA)
Tipo de ítem Informe Técnico
Sistema de clasificación Local
Existencias
Withdrawn status Lost status Sistema de Clasificación Damaged status No para préstamo Colección Inventariado Ubicación Permanente Ubicación actual Fecha de adquisición Fuente de Valor Total Checkouts Número topográfico Inventario / Código de Barras Date last seen Ejemplar Price effective from Forma de adquisición Tipo de material
    Local     General Inventariado 2017 Bogotá Bogotá 18/11/1998 Baptiste, Luis Guillermo   LB-00848 001202 04/12/2012 V.1 Ej.1 04/12/2012   Informe Técnico
    Local     General Inventariado 2017 Bogotá Bogotá 13/08/2001 Política y Legislación   LB-00848 001203 04/12/2012 V.1 Ej.2 04/12/2012   Informe Técnico
    Local     General Inventariado 2017 Bogotá Bogotá 13/08/2001     LB-00848 001204 04/12/2012 V.2 Ej.1 04/12/2012   Informe Técnico
    Local     General Inventariado 2017 Bogotá Bogotá 13/08/2001     LB-00848 001205 04/12/2012 V.2 Ej.2 04/12/2012   Informe Técnico
    Local     General Inventariado 2017 Bogotá Bogotá 13/08/2001 Política y Legislación   LB-00848 001206 04/12/2012 V.3 Ej.1 04/12/2012   Informe Técnico
    Local     General Inventariado 2017 Bogotá Bogotá 13/08/2001 Política y Legislación   LB-00848 001207 04/12/2012 V.4 Ej.1 04/12/2012   Informe Técnico
    Local     General Inventariado 2017 Bogotá Bogotá 13/08/2001 Política y Legislación   LB-00848 001212 04/12/2012 V.8 Ej.1 04/12/2012   Informe Técnico
    Local     General Inventariado 2017 Bogotá Bogotá 13/08/2001 Política y Legislación   LB-00848 001213 04/12/2012 V.9 Ej.1 04/12/2012   Informe Técnico
    Local     General Inventariado 2017 Villa de Leyva Villa de Leyva 13/08/2001 Política y Legislación   LB-00848 001208 04/12/2012 V.5 Ej.1 04/12/2012   Informe Técnico
    Local     General Inventariado 2017 Villa de Leyva Villa de Leyva 13/08/2001 Política y Legislación   LB-00848 001209 04/12/2012 V.6 Ej.1 04/12/2012   Informe Técnico
    Local     General Inventariado 2017 Villa de Leyva Villa de Leyva 13/08/2001 Política y Legislación   LB-00848 001211 04/12/2012 V.7 Ej.1 04/12/2012   Informe Técnico